000 00361cam a2200157ua 4500
041 _aeng
_h
082 _a828.09
_bMUL/SP
100 _aMallik, B R .
245 _aSpenser /
_cB R Mallik.
_hTextual Documents
250 _a5 /
_b.
260 _aNew Delhi :
_bS.Chand & Sons ,
_c1964.
300 _a77 ; .
504 _a
942 _cBK
999 _c2413
_d2413